Retorica, comunicación y realidad : (Record no. 61537)

MARC details
000 -LEADER
fixed length control field 00742cam a2200205 4500
008 - FIXED-LENGTH DATA ELEMENTS--GENERAL INFORMATION
fixed length control field 081220s2003 mx 000 0 spa u
020 ## - INTERNATIONAL STANDARD BOOK NUMBER
International Standard Book Number 9688595012
100 1# - MAIN ENTRY--PERSONAL NAME
Personal name Mendiola, Alfonso.
245 10 - TITLE STATEMENT
Title Retorica, comunicación y realidad :
Remainder of title la construcción retorica de las batallas en las crónicas de la conquista /
Statement of responsibility, etc Alfonso Mendiola.
260 ## - PUBLICATION, DISTRIBUTION, ETC. (IMPRINT)
Place of publication, distribution, etc Mexico :
Name of publisher, distributor, etc Universidad Iberoamericana,
Date of publication, distribution, etc 2003
300 ## - PHYSICAL DESCRIPTION
Extent 432 p. ;
Dimensions 23 cm.
440 #3 - SERIES STATEMENT/ADDED ENTRY--TITLE
Title El Mundo sobre el papel
504 ## - BIBLIOGRAPHY, ETC. NOTE
Bibliography, etc Incluye bibliografías
506 ## - RESTRICTIONS ON ACCESS NOTE
Terms governing access Rec. Esc.
600 17 - SUBJECT ADDED ENTRY--PERSONAL NAME
Personal name Diaz del Castillo, Bernal,
Dates associated with a name 1496-1584.
General subdivision Critica e interpretación
Source of heading or term Lemb
650 #7 - SUBJECT ADDED ENTRY--TOPICAL TERM
Topical term or geographic name as entry element Narración (Retórica)
Source of heading or term Lemb
942 ## - ADDED ENTRY ELEMENTS (KOHA)
Source of classification or shelving scheme Biblioteca del Cogreso de los Estados Unidos
Koha item type Libro
Holdings
Estado de pérdida Fuente de clasificación Estado del daño No para préstamo Ubicación permanente Ubicación actual Apartado o colección Fecha de adquisición Área del conocimiento Clasificación Código de Barras Date last seen Número de copia Tipo de recurso
  Biblioteca del Cogreso de los Estados Unidos     Biblioteca del Instituto de Investigaciones Históricas Biblioteca del Instituto de Investigaciones Históricas General 26/02/2019 Educación y Humanidades PN212 M45 2003 IIH000001100 26/02/2019 C:1 Libro